| 000 | 01809nac a22002891u 4500 | ||
|---|---|---|---|
| 090 | _c2545 | ||
| 008 | 081113t2004 xxu||||| |||| 00| 0 eng d | ||
| 010 | _a2003016382 | ||
| 020 | _a0195169913 (cloth : alk. paper) | ||
| 020 | _a9781845113223 (cloth : alk. paper) | ||
| 082 | 0 | 0 |
_a297.814 _bDEL |
| 100 | _aDeLong-Bas, Natana J. | ||
| 245 | 1 | 0 |
_aWahhabi Islam : _bFrom Revival and Reform to Global Jihad / _cNatana J. DeLong-Bas. |
| 260 |
_aOxford ; _aNew York : _bOxford University Press, _cc2004. |
||
| 300 |
_aix, 370 p. : _bmap ; _c25 cm. |
||
| 504 | _aIncludes bibliographical references (p. [349]-359) and index. | ||
| 505 | 0 | _aMuhammad Ibn Abd al-Wahhab and the origins of Wahhabism : the eighteenth-century context -- The theology and worldview of Muhammad Ibn Abd al-Wahhab -- Islamic law : separation of the divine from the human -- Women and Wahhabis : in defense of women's rights -- Jihad : call to Islam or call to violence? -- The trajectory of Wahhabism : from revival and reform to global Jihad. | |
| 600 | 1 | 0 |
_aMuḥammad ibn ʻAbd al-Wahhāb, _d1703 or 4-1792. |
| 650 | 0 | _aWahhābīyah. | |
| 650 | 0 |
_aIslamic fundamentalism _xHistory. |
|
| 650 | 0 |
_aIslam _xDoctrines. |
|
| 856 | 4 | 1 |
_3Table of contents only _uhttp://www.loc.gov/catdir/toc/ecip047/2003016382.html |
| 856 | 4 | 1 |
_3Publisher description _uhttp://www.loc.gov/catdir/enhancements/fy0614/2003016382-d.html |
| 942 |
_cBB _k297.814 DEL _2ddc |
||
| 999 |
_c2545 _d2545 |
||